Financing of rubber cooperatives (Record no. 59416)

MARC details
000 -LEADER
fixed length control field 00428nam a2200109Ia 4500
100 ## - MAIN ENTRY--AUTHOR NAME
Personal name Anil Xavier
245 #0 - TITLE STATEMENT
Title Financing of rubber cooperatives
260 ## - PUBLICATION, DISTRIBUTION, ETC. (IMPRINT)
Name of publisher Workshop on rubber processing & marketing by the co-operatives: Proceedings, National Co-operative Development Corporation & Rubber Board, 6-7 April 2004, Kochi. pp.69-72.
650 ## - SUBJECT ADDED ENTRY--TOPICAL TERM
Topical Term Rubber Cooperatives
942 ## - ADDED ENTRY ELEMENTS (KOHA)
Koha item type Journals
Holdings
Withdrawn status Lost status Damaged status Not for loan Home library Current library Shelving location Date acquired Koha item type
      Journals RRII Library RRII Library Agricultural economics 17/12/2021 Journals